000
00198 a2200097 4500
020
_a
9788420639819
041
_a
spa
100
_a
Asimov, Isaac
245
_a
Grandes ideas de la ciencia
942
_c
BK
999
_c
10294
_d
10294